书目信息 |
| 题名: |
红楼梦人物论
|
|
| 作者: | 王昆仑 著 | |
| 分册: | ||
| 出版信息: | 北京 北京出版社 2004 |
|
| 页数: | 304页 | |
| 开本: | 20cm | |
| 丛书名: | 大家小书 | |
| 单 册: | ||
| 中图分类: | I207.411 , I207.4 | |
| 科图分类: | ||
| 主题词: | 人物形象 , 文学研究 | |
| 电子资源: | ||
| ISBN: | 7-200-05077-6 | |
| 000 | 00921oam2 2200301 450 | |
| 001 | 1555266611 | |
| 005 | 20150124152150.65 | |
| 010 | @a7-200-05077-6@dCNY16.00 | |
| 100 | @a20040120d2004 em y0chiy50 ea | |
| 101 | 0 | @achi |
| 102 | @aCN@b110000 | |
| 105 | @ay z 000yy | |
| 200 | 1 | @a红楼梦人物论@9hong lou meng ren wu lun@f王昆仑著 |
| 210 | @a北京@c北京出版社@d2004 | |
| 215 | @a304页@d20cm | |
| 225 | 2 | @a大家小书 |
| 308 | @a丛书第三辑 | |
| 330 | @a本书是作者作为红学前辈对《红楼梦》人物形象研究的文集,通过结合著者时代背景、思想内涵等对书中代表性人物的分析,也展现了对《红楼梦》的总体认识。 | |
| 461 | 0 | @12001 @a大家小书 |
| 605 | @a红楼梦@x人物形象@x文学研究 | |
| 605 | @a红楼梦 | |
| 606 | 0 | @a人物形象 |
| 606 | 0 | @a文学研究 |
| 690 | @aI207.411@v5 | |
| 690 | @aI207.4@v4 | |
| 701 | 0 | @a王昆仑@9wang kun lun@f(1902~1985.8)@4著 |
| 801 | 0 | @aCN@bTSSF@c20150124 |
| 905 | @aZUCC@dI207.4@eJY234 | |
| 红楼梦人物论/王昆仑著.-北京:北京出版社,2004 |
| 304页;20cm.-(大家小书) |
| ISBN 7-200-05077-6:CNY16.00 |
| 本书是作者作为红学前辈对《红楼梦》人物形象研究的文集,通过结合著者时代背景、思想内涵等对书中代表性人物的分析,也展现了对《红楼梦》的总体认识。 |
| ● |
| 相关链接 |
|
|
|
|
正题名:红楼梦人物论
索取号:I207.4/JY234
 
预约/预借
| 序号 | 登录号 | 条形码 | 馆藏地/架位号 | 状态 | 备注 |
| 1 | 7856601 | 278566017 | 学院路分馆/ [索取号:I207.4/JY234] | 在馆 |